Motivación escolar para la orientación vocacional

Uloženo v:
Podrobná bibliografie
Hlavní autor: Croizier, Monique (Autor)
Médium: Kniha
Jazyk:španělština
Vydáno: Ciudad de México Trillas 1999
Témata:
Tagy: Přidat tag
Žádné tagy, Buďte první, kdo vytvoří štítek k tomuto záznamu!

MARC

LEADER 00000nam a2200000 a 4500
001 UCN1956
003 CL-VaPUC
008 010504e19990000MX |||||||||||||||||spa|d
082 0 4 |a 371.425  |b CRO  |2 21 
100 0 |a Croizier, Monique  |e author  |9 457554 
245 1 0 |a Motivación escolar para la orientación vocacional 
300 |a 149 p 
942 |c BK 
945 |d 20010504 00:00:00  |a cmena 
260 |a Ciudad de México  |b Trillas  |c 1999 
650 0 |a Orientación vocacional  |9 255692 
650 0 |a Psicología educacional   |9 307830 
650 0 |a Autoimagen   |9 457555 
583 |a last modification  |c 20010504 00:00:00  |k Rodrigo Vera 
999 |c 295178  |d 295176 
952 |0 0  |1 0  |4 0  |6 371_425000000000000_CRO_1999  |7 0  |8 A  |9 348111  |a BIBEDU  |b BIBEDU  |d 2019-11-20  |i 3718484  |o 371.425 CRO 1999  |p 3718484  |r 2019-11-20  |w 2019-11-20  |y BK  |k EPE